The three worlds of welfare Capitalism

I tiakina i:
Ngā taipitopito rārangi puna kōrero
Kaituhi matua: Esping-Andersen, Gosta (Author)
Hōputu: Pukapuka
Reo:Pāniora
I whakaputaina: Princeton Princeton University 1990
Ngā marau:
Ngā Tūtohu: Tāpirihia he Tūtohu
Kāore He Tūtohu, Me noho koe te mea tuatahi ki te tūtohu i tēnei pūkete!

MARC

LEADER 00000nam a2200000 a 4500
001 UCH1977
003 CL-VaPUC
008 090520e19900000us |||||||||||||||||spa|d
020 |a 0691028575 
082 0 4 |a 330.1  |b ESP  |2 21 
100 0 |a Esping-Andersen, Gosta  |e author  |9 536605 
245 1 4 |a The three worlds of welfare Capitalism 
300 |a 248 p 
942 |c BK 
945 |d 20090520 00:00:00  |a dcastane 
260 |a Princeton  |b Princeton University  |c 1990 
650 0 |a Economía   |9 255568 
650 0 |a Teoría económica  |9 315055 
650 7 |a ECONOMIA DEL BIENESTAR SOCIAL  |2 CL-VaPUC  |9 388648 
650 7 |a PLANIFICACION ECONOMICA  |2 CL-VaPUC  |9 321496 
650 0 |a Estado  |9 255503 
583 |a last modification  |c 20171205 03:00:38  |k Rodrigo Vera 
999 |c 333846  |d 333844 
952 |0 0  |1 0  |4 0  |6 330_100000000000000_ESP_1990  |7 0  |8 A  |9 422489  |a BIBHIS  |b BIBHIS  |d 2019-11-22  |i 4517709  |o 330.1 ESP 1990  |p 4517709  |r 2025-01-20  |w 2019-11-22  |y BK  |k HIS